| 000 | 00437nam a2200157Ia 4500 | ||
|---|---|---|---|
| 008 | 230718s9999 xx 000 0 und d | ||
| 041 | _aeng | ||
| 082 |
_a621.402'1 _bBAL |
||
| 100 |
_aBalmer R. _9164628 |
||
| 245 |
_aThermodynamics _bTheory & Applications |
||
| 260 |
_c1999 _bJaico Publishing House |
||
| 300 | _a849 | ||
| 365 |
_cRs. _b450.00 |
||
| 700 |
_aBalmer R. _9164628 |
||
| 906 |
_dO:0035227-Oct-2009B:47822-Sep-2009 _cMECH _b90 |
||
| 999 |
_c322979 _d322979 |
||